Central Library OPAC University of Rajshahi

Urban transport, environment, and equity : (Record no. 6088)

MARC details
000 -LEADER
fixed length control field 01051cam a22002774a 4500
001 - CONTROL NUMBER
control field 6088
003 - CONTROL NUMBER IDENTIFIER
rucl marc code BD-RjUL
005 - DATE AND TIME OF LATEST TRANSACTION
control field 20211208234201.0
008 - FIXED-LENGTH DATA ELEMENTS--GENERAL INFORMATION
fixed length control field 140109s2001 enka b 001 0 eng
020 ## - INTERNATIONAL STANDARD BOOK NUMBER
International Standard Book Number 185383727X (pbk.)
International Standard Book Number 1853837261 (cloth)
035 ## - SYSTEM CONTROL NUMBER
System control number (BD-RjUL)6127
040 ## - CATALOGING SOURCE
Original cataloging agency DLC
Transcribing agency DLC
Modifying agency DLC
-- BD-RjUL
Language of cataloging eng
041 ## - LANGUAGE CODE
Language code of text/sound track or separate title eng
082 00 - DEWEY DECIMAL CLASSIFICATION NUMBER
Classification number 388.4091724
Edition number 21
Author mark and year VAU 2001
100 1# - MAIN ENTRY--PERSONAL NAME
Personal name Vasconcellos, Eduardo Alcântara de,
Dates associated with a name 1952-
9 (RLIN) 19158
245 10 - TITLE STATEMENT
Title Urban transport, environment, and equity :
Remainder of title the case for developing countries /
Statement of responsibility, etc. Eduardo Alcântara Vasconcellos.
260 ## - PUBLICATION, DISTRIBUTION, ETC. (IMPRINT)
Place of publication, distribution, etc. London, UK ;
-- Sterling, VA. :
Name of publisher, distributor, etc. Earthscan,
Date of publication, distribution, etc. 2001.
300 ## - PHYSICAL DESCRIPTION
Pagination ix, 333 p. :
Illustrations ill. ;
Size 24 cm.
504 ## - BIBLIOGRAPHY, ETC. NOTE
Bibliography, etc Includes bibliographical references (p. [306]-323) and index.
650 #0 - SUBJECT ADDED ENTRY--TOPICAL TERM
Topical term or geographic name as entry element Urban transportation
Geographic subdivision Developing countries.
9 (RLIN) 19159
Topical term or geographic name as entry element Urban transportation
General subdivision Environmental aspects
Geographic subdivision Developing countries.
9 (RLIN) 19160
Topical term or geographic name as entry element Urban transportation policy
Geographic subdivision Developing countries.
9 (RLIN) 19161
942 ## - ADDED ENTRY ELEMENTS (KOHA)
Source of classification or shelving scheme Dewey Decimal Classification
Koha item type Books
Holdings
Lost status Source of classification or shelving scheme Damaged status Not for loan Collection code Permanent Location Current Location Shelving location Date acquired Source of acquisition Cost, normal purchase price Total Checkouts Full call number Date last seen Copy number Koha item type
  Dewey Decimal Classification     Non-fiction Central Library, University of Rajshahi Central Library, University of Rajshahi   19/10/2010 Paragon Enterprise 24.95   388.4091724 VAU 2001 09/01/2014 C-4 Books
  Dewey Decimal Classification     Non-fiction Central Library, University of Rajshahi Central Library, University of Rajshahi   19/10/2010 Dhaka, Paragon Enterprises Ltd 24.95   388.4091724 VAU 2001 24/08/2016 C-3 Books
  Dewey Decimal Classification     Non-fiction Central Library, University of Rajshahi Central Library, University of Rajshahi   19/10/2010 Paragon Enterprise ltd., Dhaka 24.95   388.4091724 VAU 2001 28/08/2016 C-2 Books
  Dewey Decimal Classification     Non-fiction Central Library, University of Rajshahi Central Library, University of Rajshahi   19/10/2010 Dhaka, Paragon Enterprises Ltd 24.95   388.4091724 VAU 2001 02/10/2016 C-5 Books
  Dewey Decimal Classification   Not For Loan Non-fiction Central Library, University of Rajshahi Central Library, University of Rajshahi Reading Room 19/10/2010 Dhaka, Paragon Enterpries Ltd. 24.95   388.4091724 VAU 2001 01/01/2017 C-1 Books